01495nam a2200409 i 4500001000700000003000800007005001700015006001900032007001500051008004100066020001800107020002700125035002300152035002400175035002500199035002200224040003100246050002200277080000700299082001400306245013100320264004700451300004100498336003100539337003300570338004300603500002300646588012400669650002100793650002900814650005300843650004300896655002700939700003000966700002700996856006201023113902FlNmELB20241217174444.0m o d | cr cnu||||||||170728s2016 cl o 001 0 spa d z9789560103833 a9781512937961 (e-book) a(MiAaPQ)EBC4850244 a(Au-PeEL)EBL4850244 a(CaPaEBR)ebr11379774 a(OCoLC)1105866667 aFINmELBbspaerdacFINmELB 4aHF5387bG575 2016 a170 a174.422300aGobierno corporativo y ética de los negocios :banalisis de casos cinematograficos /cMoira Nakousi y Daniel Soto, editores. 1aSantiago de Chile :bRIL editores,c[2016] a1 recurso en línea (409 páginas) atextobtxt2rdacontent/spa acomputadorabc2rdamedia/spa arecurso en líneabcr2rdacarrier/spa aContiene índice. aDescripción basada en recurso en línea; Título de la página del título en PDF (e-libro, visto July 28, 2017). 0aBusiness ethics. 4aÉtica de los negocios. 0aBusiness enterprisesxMoral and ethical aspects. 4aEmpresasxAspectos morales y éticos. 4aLibros electrónicos.1 aNakousi, Moira,eeditora.1 aSoto, Daniel,eeditor.40uhttps://elibro.net/ereader/politecnicointernacional/67587